Licenciatura conjunta de inglés por Internet : punta de lanza para opciones educativas con soportes en las tecnologías actuales (Record no. 72031)

MARC details
000 -CABECERA
campo de control de longitud fija 00658nam a2200217 a 4500
005 - FECHA Y HORA DE LA ÚLTIMA TRANSACCIÓN
campo de control 20210219153240.0
008 - ELEMENTOS DE LONGITUD FIJA--INFORMACIÓN GENERAL
campo de control de longitud fija 991125n 000 0 spa u
035 ## - NÚMERO DE CONTROL DEL SISTEMA
Número de control de sistema UPN01000085735
100 1# - ASIENTO PRINCIPAL--NOMBRE PERSONAL
Nombre de persona Vázquez, Elizabeth
222 ## - TÍTULO CLAVE
Título clave GACETA UNIVERSIDAD VERACRUZANA
245 ## - MENCIÓN DE TÍTULO
Título Licenciatura conjunta de inglés por Internet : punta de lanza para opciones educativas con soportes en las tecnologías actuales
300 ## - DESCRIPCIÓN FÍSICA
Extensión 32-33
362 0# - FECHAS DE PUBLICACIÓN Y/O DESIGNACIÓN SECUENCIAL
Fecha de publicación y/o designación secuencial 2000 No. 36
653 0# - TERMINO DE INDIZACION - NO CONTROLADO
Término no controlado ENSEÑANZA
653 0# - TERMINO DE INDIZACION - NO CONTROLADO
Término no controlado INGLES (LENGUA)
653 0# - TERMINO DE INDIZACION - NO CONTROLADO
Término no controlado INTERNET
653 0# - TERMINO DE INDIZACION - NO CONTROLADO
Término no controlado NUEVAS TECNOLOGIAS
653 0# - TERMINO DE INDIZACION - NO CONTROLADO
Término no controlado UNIVERSIDAD VERACRUZANA
904 ## - ELEMENTOS DE DATOS D LOCAL, LDD (RLIN)
a AC
b 023546
905 ## - TIPO DE MATERIAL
Tipo de material Articulo

No items available.